000 02690cam a22005654i 4500
003 PE-LiUPU
005 20250731172843.0
008 141207s2015 miu rb 001 0 eng
020 _a0802868843
_q(pbk. ;
_qalk. paper)
020 _a9780802868848
_q(pbk. ;
_qalk. paper)
035 _a(Sirsi) i9780802868848
040 _aPE-LiUPU
_bspa
_cPE-LiUPU
_erda
049 _aPRUA
082 0 4 _a227.06
_bG74
_223
100 1 _aGorman, Michael J.,
_d1955- ,
_eautor
245 1 0 _aBecoming the gospel :
_bPaul, participation, and mission /
_cMichael J. Gorman.
246 1 3 _aPaul, participation, and mission.
264 1 _aGrand Rapids, Michigan :
_bWilliam B. Eerdmans Publishing Company,
_c[2015]
300 _ax, 341 páginas ;
_c23 Centímetros.
336 _atext
_2rdacontent
337 _aunmediated
_2rdamedia
338 _avolume
_2rdacarrier
490 0 _aThe Gospel and our culture series
504 _aBibliografía : páginas 306-321.
505 _aÍndices : páginas 322-341.
505 0 0 _aInvitation: Becoming the gospel -- Paul and the mission of God -- Reading Paul missionally -- Becoming the gospel of faith(fulness), love, and hope: 1 Thessalonians -- Becoming and telling the story of Christ: Philippians -- Becoming the gospel of peace (I): overview -- Becoming the gospel of peace (II): Ephesians -- Becoming the justice of God: 1 & 2 Corinthians -- Becoming the gospel of God's justice/righteousness and glory: missional theosis in Romans -- Final reflections: Becoming the gospel (reprise).
526 _aSEG42
526 _aSEG41
526 _aSEG40
526 _aSEG39
526 _aP94
526 _aP87
526 _aP86
526 _aP85
526 _aP77
526 _aP76
526 _aP35
630 0 0 _aBiblia.
_pEpístolas de Pablo
_xCrítica, interpretación, etc.
650 0 _aMisión de la iglesia
_xEnseñanza Bíblica.
650 0 _aMisiones
_xEnseñanza Bíblica.
655 7 _aCrítica, interpretación, etc.
910 _ajck
_bebj
_cebj
_d20160526
942 _2ddc
_cBOOK
949 _a227.06 G74
_wDEWEY
_c1
_i73338
_d2016-6-1
_e2016-6-1
_lCCODEBUL1
_mBUL
_n3
_p28.00
_r0
_sY
_tBOOK
_u2016-5-26
_xTEOLOGIA
_PP85
_0COMPRA
_o.STAFF. Colección Teología
994 _aC0
_bPEPRU
596 _a1
999 _a227.06 G74
_wDEWEY
_c9600
_i73338
_d9600
_e2016-6-1
_f2021-11-9
_g5
_lCCODEBUL1
_mBUL
_n3
_p28.00
_q5
_r0
_sY
_tBOOK
_u2026-5-26
_xTEOLOGIA
_PP85
_0COMPRA
_o.STAFF. Colección Teología
999 _a227.06 G74
_wDEWEY
_c2
_i75596
_f2021-11-9
_g5
_lCCODEBUL1
_mBUL
_p29.00
_r0
_sY
_tBOOK
_u2017-1-24
_xTEOLOGIA
_PP85
_0COMPRA
_o.STAFF. Colección Teología
980 _81
_gALBERTO SANCHEZ Responsable de Automatización